000 00713cam a2200277 4500
008 090401t1995 xxu||||| |||| 00| 0 eng d
020 _a0863421024
035 _a(Sirsi) u9622
041 _aeng
050 _a333.11
100 _aWills, Sarah
245 4 _aThe redevelopment of redundant RAF bases.
260 _aOxford
_bOxford Brookes University
_c1995
300 _aix,61p. : ill.,maps ; 30cm.
350 _a5
490 _aWorking Paper
_v157
650 _aMILITARY PROPERTY
650 _aMILITARY SITES
650 _aRAF BASES
650 _aREDEVELOPMENT
650 _aREDUNDANT LAND
690 _aLAND
710 _aOxford Brookes University
_9281
942 _n0
948 _c04/03/1997
999 _c86647
_d86647